Slogans Fill in the Blank II Quiz Stats

 Plays Quiz Updated Nov 18, 2015

Challenge
Share
Tweet
Embed
Score 0/30 Timer 04:00
2 Plays Today
Slogan Answer % Correct
'Have it your ___.'way
99.1%
'Snap! Crackle! ___!'Pop
96.6%
'Just ___ it.'do
94.8%
'___ lickin' good.'Finger
94.8%
'I ___ New York.'love
94.3%
'It's everywhere you ___ to be.'want
93.6%
'___ milk?'Got
91.1%
'Betcha can't eat just ___.'one
90.8%
'When it rains, it ___!'pours
89.6%
'Good to the last ___.'drop
88%
'The Citi never ___.'sleeps
87.9%
'When you care enough to send the very ___'best
86.7%
'Does she or doesn't ___?'she
85.3%
'The quicker picker-___.'upper
84.8%
'It's Miller ___!'time
83.9%
Slogan Answer % Correct
'It takes a licking and keeps on ___.'ticking
82.8%
'M'm! M'm! ___!'Good
82.6%
'Tastes so good cats ask for it by ___.'name
78%
'Guinness is good for ___.'you
75.3%
'We ___ harder.'try
73.2%
'A ___ is forever.'diamond
71.8%
'A ___ dab'll do ya.'little
71.6%
'___ different.'Think
69.1%
'Fly the friendly ___.'skies
63.4%
'Nothing ___ like a Deere'runs
60.5%
'Look, Ma, no ___!'cavities
59.3%
'Say it with ___'flowers
57.8%
'Sometimes you feel like a ___, sometimes you don't.'nut
54.4%
'All the news that's fit to ___.'print
54.4%
'Calgon, take me ___.'away
51.1%

You're not logged in!

Compare scores with friends on all Sporcle quizzes.
Join for Free
OR
Log In

You Might Also Like...

Show Comments

Extras

Top Quizzes Today


Score Distribution

Your Account Isn't Verified!

In order to create a playlist on Sporcle, you need to verify the email address you used during registration. Go to your Sporcle Settings to finish the process.

Report this User

Report this user for behavior that violates our Community Guidelines.

Details: